| 000 | 00778nas a2200253 4500 | ||
|---|---|---|---|
| 001 | BR7305446 | ||
| 003 | BR-BrBNA | ||
| 005 | 20231205082529.0 | ||
| 007 | ta | ||
| 008 | 230509b bl.|||p| |||| 00| 00por d | ||
| 040 |
_aBR-BrBNA _bpor _cBiblioteca Nacional de Agricultura |
||
| 041 | _a(Pt) | ||
| 072 | _aE70; D50 | ||
| 100 | 1 | _aWilke, R.N. | |
| 245 | 1 | _aA comercializacao do leite reconstituido e a cota de leite do produtor [Superintendencia Nacional de Abastecimento, preco] | |
| 650 | _aCOMERCIALIZACAO | ||
| 650 | _aLEGISLACAO | ||
| 650 | _aLEITE | ||
| 650 | _aCOTA | ||
| 650 | _aPRECO | ||
| 773 | 0 |
_tRevista dos Criadores (Brazil) _xISSN 0034-9259 _g(Jul 1975), v. 45(546) p. 77-78 _wBR7305446 |
|
| 909 |
_a202311 _bLúcia _c55 _dLúcia Elande |
||
| 942 |
_2AGRIS _n0 _cANA |
||
| 999 |
_c92576 _d92576 |
||